| 000 | 00949nam a2200241Ia 4500 | ||
|---|---|---|---|
| 999 |
_c50910 _d50910 |
||
| 001 | 17865 | ||
| 003 | GE_BSU | ||
| 005 | 20200226152541.0 | ||
| 008 | 181216s2015 xx |||||||||||||| ||geo|| | ||
| 020 | _a9789941450983 | ||
| 040 | _cGE_BSU | ||
| 041 | _ageo | ||
| 080 | _a61 ა-61 | ||
| 100 |
_aანასაშვილი, მარადი. _91850 |
||
| 245 |
_aოთარ ბურჯანაძე / _cმარადი ანასაშვილი ; რედ. ნანა გელაშვილი. |
||
| 264 |
_aთბილისი : _bგამ-ბა "მწიგნობარი, _c2015. |
||
| 300 |
_a295 გვ. ; _bსურ. _c21სმ. _e+1CD |
||
| 520 | _aრეზიუმე გვ.273-277 | ||
| 653 | _aოთარ ბურჯანაძე | ||
| 653 | _aმედიცინა | ||
| 700 |
_aგელაშვილი, ნანა _eრედაქტორი _97506 |
||
| 942 |
_cBK _2udc |
||